000 00736cam a2200145 4500500
005 20260111040513.0
041 _afre
042 _adc
100 1 0 _aSkoric, Arthur
_eauthor
245 0 0 _aKarol Beffa, En avant la musique! Maurice Ravel, Éditions des Équateurs, 2025, 208 páginas, 14 euros. Maurice Ravel, Correspondance, écrits et entretiens, edición de Manuel Cornejo, caja de dos volúmenes, 2000 cartas y tarjetas, 147 escritos, entre ellos 28 artículos y 80 entrevistas, Gallimard, «Tel», 2025, 2934 páginas, 32 euros.
260 _c2025.
500 _a2
786 0 _nÉtudes | 4331 | 11 | 2025-11-03 | p. 119-120
856 4 1 _uhttps://shs.cairn.info/revista-etudes-2025-11-page-119?lang=es&redirect-ssocas=7080
999 _c1612783
_d1612783